Флагове на държави, които започват с С - Statistics

General Stats
  • This quiz has been taken 56 times
  • The average score is 18 of 22
Answer Stats
Picture Answer % Correct
Съединени Американски Щати
100%
Сърбия
98%
Северна Корея
96%
Северна Македония
96%
Словакия
94%
Словения
94%
Саудитска Арабия
92%
Сирия
92%
Сенегал
88%
Сан Марино
88%
Сингапур
85%
Судан
81%
Сомалия
79%
Самоа
75%
Сейнт Лусия
75%
Суринам
73%
Сейшели
71%
Сиера Леоне
69%
Сейнт Китс и Невис
67%
Сейнт Винсент и Гренадини
65%
Соломонови Острови
60%
Сао Томе и Принсипи
56%
No matching quizzes found
Score Distribution
Percent of People with Each Score
Percentile by Number Answered
Your Score History
You have not taken this quiz